| 000 | 00399nam a22001217a 4500 | ||
|---|---|---|---|
| 082 | _a220 PRO | ||
| 100 |
_aNC AYMAN ALMAS NC YUSRA KHAN _971389 |
||
| 245 | _aPR-SOF-1650-REMOTE UNMANNED WEAPON AND SURVEILLANCE SYSTEM | ||
| 260 |
_aISLAMABAD _bNUST COLLEGE OF EME _c2017 |
||
| 650 |
_aDE-COMP-35 _971390 |
||
| 700 |
_aSUPERVISORS BRIG.DR. SHOAB AHMED KHAN COL. DR. MUHAMMAD ABBAS _971391 |
||
| 942 | _cCR | ||
| 999 |
_c577934 _d577934 |
||